Disabled workers in the Slovak Republic

Gespeichert in:
Bibliographische Detailangaben
1. Verfasser: Ochotnický, Pavol
Format: Buchkapitel
Sprache:Englisch
Tags: Tag hinzufügen
Keine Tags, Fügen Sie das erste Tag hinzu!

MARC

LEADER 00000naa$a2200000$$$4500
001 0105902
005 20240502083251.5
041 0 |a eng 
044 |a PL 
245 1 0 |a Disabled workers in the Slovak Republic  |c Pavol Ochotnický 
100 1 |a Ochotnický, Pavol